01162nam a2200229 a 450000100100000000500170001000800410002702000180006804000250008624501420011126000720025330000210032549000740034650400730042050502360049370000180072970000210074770000180076870000420078670000310082883000730085900004552320240307174645.0150413s2012 dr 000 0 spa d a9789945443875 aDO-SdBNPbspacBNPHU00aDuarte revisitado (1813-2013) /cJuan Daniel Balcácer, José Chez Checo, Jorge Tena Reyes, Orlando Inoa, José Miguel Soto Jiménez. aSanto Domingo :bBanco Central de la República Dominicana,c2012. a290 p. ;c23 cm.1 aBanco Central de la República Dominicanav181aciencias Socialesn8 aIncluye referencias bibliográficas y notas al pie de las páginas0 aLas cartas patrióticas de Juan Pablo Duarte --Duarte y la independencia plena -- La República de Juan Pablo Duarte, un proyecto frustrado -- Juan Pablo Duarte , su última batalla, padre de la patria -- Duarte de carne y hueso12aInoa, Orlando12aTena Reyes,Jorge12aInoa, Orlando12aSoto Jiménez, José Miguel,d1956-12aChez Checo, José,d1949- 0aBanco Central de la República Dominicanapciencias Socialesv181/8